Historia na literę D - Statystyki

Ogólne statystyki
  • Ten quiz został rozwiązany 156 razy
    147 od ostatniego zresetowania
  • Średni wynik to 12 z 21
Statystyki odpowiedzi
Wskazówka Odpowiedź % Poprawnych
Nazwisko twórcy Mona Lisy da Vinci
98%
Nazwisko prezydenta Polski w latach 2015-2024 Duda
98%
Nazwisko twórcy teorii ewolucji Darwin
93%
______ Piastów, Jagiellonów, Habsburgów itd. Dynastia
89%
Rzecz, którą Alfred Nobel wynalazł Dynamit
85%
Nazwisko autora Opowieści wigilijnej Dickens
79%
Nazwisko założyciela Legionów Polski we Włoszech Dąbrowski
73%
Nazwisko portugalskiego odkrywcy, który jako pierwszy dotarł drogą morską z Portugalii do Indii da Gama
63%
Jedno z najstarszych miast świata, położone jest na Bliskim Wschodzie Damaszek
63%
Termin oznaczający starożytnego kapłana celtyckiego Druid
63%
Nazwisko jednego z najbardziej znanych surrealistów Dali
57%
Inna nazwa dla dnia 06.06.1944 r. D-Day
56%
Reinkarnowany przywódca, który uciekł z Tybetu Dalajlama
55%
"Wielki" przywódca Persji, wymieniony w pięciu książkach Biblii Dariusz
50%
Pierwszy stan, który ratyfikował Konstytucję Stanów Zjednoczonych Delaware
45%
1. premier Izraela Dawid Ben Gurion
43%
Nazwisko pierwszego Anglika, który odbył wyprawę dookoła świata Drake
16%
Nazwisko prezydenta Francji w latach 1959–1969 Charles de Gaulle
12%
Region w zachodnim Sudanie, który jest znany negatywnie z ludobójstwa trwającego od 2003 r. Darfur
11%
Legendarna założycielka i pierwsza królowa Kartaginy Dydona
11%
Nazwisko konserwatywnego premiera Wielkiej Brytanii, który miał pochodzenie żydowskie. Prowadził imperialistyczną politykę zagraniczną Disraeli
9%
Nie znaleziono quizów pasujących do podanych kryteriów
Rozkład punktacji
Procent ludzi z każdym wynikiem
Percentyl według liczby udzielonych odpowiedzi
Twoja historia wyników
Nie rozwiązałeś tego quizu od ostatniego zresetowania